Name All South American Countries - Statistics

General Stats
  • This quiz has been taken 268 times
  • The average score is 11 of 12
Answer Stats
Answer % Correct
Argentina
99%
Brazil
99%
Colombia
93%
Paraguay
93%
Uruguay
93%
Chile
92%
Peru
91%
Bolivia
90%
Venezuela
89%
Ecuador
81%
Suriname
79%
Guyana
77%
No matching quizzes found
Score Distribution
Percent of People with Each Score
Percentile by Number Answered
Your Score History
You have not taken this quiz